The Temple Road: (Record no. 145609)

MARC details
000 -LEADER
fixed length control field 00802nam a22002297a 4500
005 - DATE AND TIME OF LATEST TRANSACTION
control field 20181015151010.0
010 ## - LCCN (DPL NO)
LC control number B-682302-309 ENG-123092
020 ## - INTERNATIONAL STANDARD BOOK NUMBER
International Standard Book Number 9789386050823
Terms of availability 450.00
035 ## - SYSTEM CONTROL NUMBER
System control number B-682302-309 EN-106624
037 ## - SOURCE OF ACQUISITION
Source of stock number/acquisition Pragati
Stock number dpl
037 ## - SOURCE OF ACQUISITION
Source of stock number/acquisition DBAD/PUB.
082 ## - DEWEY DECIMAL CLASSIFICATION NUMBER
Classification number 616.994092
082 ## - DEWEY DECIMAL CLASSIFICATION NUMBER
Classification number 808.883 (DBAD)
100 ## - MAIN ENTRY--PERSONAL NAME
Personal name Rahman, Fazlur
245 ## - TITLE STATEMENT
Title The Temple Road:
Statement of responsibility, etc by Fazlur Rahman
Remainder of title a doctor's journey /
260 ## - PUBLICATION, DISTRIBUTION, ETC. (IMPRINT)
Place of publication, distribution, etc New Delhi
Name of publisher, distributor, etc Speaking Tiger
Date of publication, distribution, etc 2016
270 ## - ADDRESS
Address 4381/4, Ansari Road, Daryaganj
City New Delhi
Postal code 110002
300 ## - PHYSICAL DESCRIPTION
Extent 304p.
Other physical details 21cm(pbk)
700 ## - ADDED ENTRY--PERSONAL NAME
Personal name Pinto,Jerry
942 ## - ADDED ENTRY ELEMENTS (KOHA)
Source of classification or shelving scheme Dewey Decimal Classification
Item type English Books
Classification part N
Call number prefix RAH
Holdings
Withdrawn status Lost status Not for loan Collection code Home library Current library Date acquired Source of acquisition Cost, normal purchase price Full call number Barcode Copy number Cost, replacement price Koha item type
      Non-fiction Ashok Vihar Ashok Vihar 22/05/2018 Pragati/142/27.11.2017/672/20.11.2017/28.11.2017 450.00 N FAZ B-682306 1 450.00 English Books
      Non-fiction Bawana Bawana 22/05/2018 Pragati/142/27.11.2017/672/20.11.2017/28.11.2017 450.00 N FAZ B-682309 1 450.00 English Books
    Not For Loan Fiction D.B.Act.Division Bawana 24/05/2018 DBAD/PUB 450.00 808.883FAZ EN-106624 1 450.00 English Books
      Non-fiction Central Library Central Library 22/05/2018 Pragati/142/27.11.2017/672/20.11.2017/28.11.2017 450.00 N FAZ B-682302 1 450.00 English Books
      Non-fiction Mobile Library Mobile Library 22/05/2018 Pragati/142/27.11.2017/672/20.11.2017/28.11.2017 450.00 N FAZ B-682303 2 450.00 English Books
      Non-fiction Mobile Library Mobile Library 22/05/2018 Pragati/142/27.11.2017/672/20.11.2017/28.11.2017 450.00 N FAZ B-682304 2 450.00 English Books
      Non-fiction New Police Line New Police Line 22/05/2018 Pragati/142/27.11.2017/672/20.11.2017/28.11.2017 450.00 N FAZ B-682305 1 450.00 English Books
      Non-fiction Patel Nagar Patel Nagar 22/05/2018 Pragati/142/27.11.2017/672/20.11.2017/28.11.2017 450.00 N FAZ B-682307 1 450.00 English Books
      Non-fiction Sarojini Nagar Sarojini Nagar 22/05/2018 Pragati/142/27.11.2017/672/20.11.2017/28.11.2017 450.00 N FAZ B-682308 1 450.00 English Books

© Delhi Public Library
Hit Counter
free hit counter